Văn học 10

Giới thiệu nền văn học Việt Nam qua các thời kỳ lịch sử: văn học dân gian, văn học Việt Nam từ thế kỷ X đến thế kỷ XIX; T.2: Giới thiệu 5 bài gồm: Sử thi "Ôđixê" "Ramayara", thơ Đường, Sêcxpia, Tam quốc diễn nghĩa, phần lý...

Disgrifiad llawn

Wedi'i Gadw mewn:
Manylion Llyfryddiaeth
Prif Awdur: Nguyễn, Hải Hà
Fformat: Llyfr
Iaith:Undetermined
Cyhoeddwyd: Hà Nội Giáo Dục 1999
Pynciau:
Tagiau: Ychwanegu Tag
Dim Tagiau, Byddwch y cyntaf i dagio'r cofnod hwn!
Thư viện lưu trữ: Trung tâm Học liệu Trường Đại học Cần Thơ
LEADER 01128nam a2200217Ia 4500
001 CTU_39807
008 210402s9999 xx 000 0 und d
020 |c 3200 
082 |a 807.12 
082 |b H100/T.2/L.10 
100 |a Nguyễn, Hải Hà 
245 0 |a Văn học 10 
245 0 |c Nguyễn Hải Hà ...[et al.] 
260 |a Hà Nội 
260 |b Giáo Dục 
260 |c 1999 
520 |a Giới thiệu nền văn học Việt Nam qua các thời kỳ lịch sử: văn học dân gian, văn học Việt Nam từ thế kỷ X đến thế kỷ XIX; T.2: Giới thiệu 5 bài gồm: Sử thi "Ôđixê" "Ramayara", thơ Đường, Sêcxpia, Tam quốc diễn nghĩa, phần lý luận văn học nước ngoài. 
650 |a Vietnamese literature,Rhetoric,Vietnamese literature 
650 |x Study and teaching ( secondary ),Study and teaching ( secondary ),History and criticism 
904 |i Trọng Hải (số pl 807.12/V115/T.2/L10 sửa thành 807.12/H100/T.2/L.10) 
980 |a Trung tâm Học liệu Trường Đại học Cần Thơ